[Event "RA Winter op"]
[Site "Ottawa CAN"]
[Date "1997.01.12"]
[Round "4"]
[White "Veltmann, Alfred"]
[Black "Watson, Mark"]
[Result "0-1"]
[Annotator ",Hugh"]
[WhiteElo "1941"]
[BlackElo "1687"]
[PlyCount "55"]
[GameId "2160767739579320"]
[EventDate "1997.01.11"]
[EventType "swiss"]
[EventRounds "5"]
[EventCountry "CAN"]

1. d4 d5 2. Nf3 Nf6 3. Bg5 e6 4. Nbd2 Nbd7 5. e3 h6 6. Bf4 c5 7. c3 Nh5 8. g3 Nxf4 9. exf4 cxd4 10. Nxd4 a6 11. N2f3 Bc5 12. Bg2 O-O 13. O-O Nf6 14. Re1 Re8 15. Ne5 Qb6 16. Qd2 Nd7 17. Nef3 f5 18. Nxe6 Rxe6 19. Rxe6 Qxe6 20. Re1 Qf7 21. Ng5 hxg5 22. Bxd5 Nf6 23. Bxf7+ Kxf7 24. fxg5 Ne4 25. Rxe4 fxe4 26. Qd5+ Ke8 27. Qxc5 Bd7 28. Qe5+ {Time?} 0-1

[Event "RA Winter op"]
[Site "Ottawa CAN"]
[Date "1997.01.12"]
[Round "5"]
[White "Schleifer, Michael"]
[Black "Pacey, Kevin"]
[Result "1-0"]
[WhiteElo "2410"]
[BlackElo "2222"]
[PlyCount "141"]
[GameId "2160767911999566"]
[EventDate "1997.01.11"]
[EventType "swiss"]
[EventRounds "5"]
[EventCountry "CAN"]
[SourceTitle "EXT 2022"]
[Source "ChessBase"]
[SourceDate "2021.10.06"]
[SourceVersion "1"]
[SourceVersionDate "2021.10.06"]
[SourceQuality "1"]

1. d4 e6 2. c4 Nf6 3. a3 d5 4. Nc3 Be7 5. Nf3 O-O 6. cxd5 exd5 7. Bf4 c6 8. e3 Bf5 9. h3 Ne4 10. Rc1 Nd7 11. Be2 h6 12. O-O Ng5 13. Nxg5 Bxg5 14. Bh2 Qe7 15. Kh1 Bh7 16. Qb3 Nf6 17. Qb4 Qxb4 18. axb4 Ne4 19. Nxe4 Bxe4 20. b5 cxb5 21. Bxb5 a6 22. Bd7 Bd3 23. Rfd1 Bc4 24. f4 Bh4 25. e4 Bf2 26. Bg1 Bg3 27. Be3 Rad8 28. Bg4 g6 29. e5 h5 30. Bf3 f6 31. Rc3 g5 32. e6 Rd6 33. f5 Rb6 34. Bxh5 Bd6 35. Bc1 Kg7 36. Bg4 Rh8 37. g3 Kf8 38. Kg2 Ke7 39. Rh1 Rb3 40. Rxb3 Bxb3 41. Be3 a5 42. Rc1 Bc4 43. Bd2 a4 44. Ra1 b5 45. Rh1 Bd3 46. Rc1 Bc4 47. Be1 Rc8 48. Kf2 b4 49. h4 gxh4 50. gxh4 Rg8 51. Bf3 Bd3 52. Bxd5 Bxf5 53. Bxb4 Bxb4 54. Rc7+ Kd8 55. Rb7 Bxe6 56. Bxe6 Re8 57. d5 Bc5+ 58. Kf3 Re7 59. Rb5 Bd6 60. Rb6 Be5 61. Bf5 Rg7 62. d6 Rg3+ 63. Ke4 Rb3 64. Ra6 Ke8 65. d7+ Kd8 66. Ra8+ Bb8 67. h5 Rb4+ 68. Kd5 Ke7 69. h6 Rxb2 70. h7 Rd2+ 71. Kc4 1-0

[Event "RA Winter op"]
[Site "Ottawa CAN"]
[Date "1997.01.12"]
[Round "5"]
[White "Veltmann, Alfred"]
[Black "Poitras, Francois"]
[Result "1-0"]
[WhiteElo "1941"]
[BlackElo "1683"]
[PlyCount "119"]
[GameId "2160767911999567"]
[EventDate "1997.01.11"]
[EventType "swiss"]
[EventRounds "5"]
[EventCountry "CAN"]

1. e4 d5 2. exd5 Nf6 3. Nc3 Nxd5 4. Bc4 e6 5. Qf3 Nxc3 6. Qxc3 Nd7 7. Nf3 Qf6 8. Qe3 Bd6 9. d4 O-O 10. Bd3 e5 11. Qe4 Qg6 12. Qxg6 hxg6 13. O-O exd4 14. Nxd4 Re8 15. Be3 a6 16. Nb3 Ne5 17. Be2 Ng4 18. Bxg4 Bxg4 19. Rfe1 Rad8 20. h3 Bd7 21. c3 b6 22. Nd4 c5 23. Nc2 Bf5 24. Rac1 Be5 25. Na3 Be6 26. Bxc5 bxc5 27. Rxe5 Bxa2 28. Rxc5 Rd2 29. Nc4 Bxc4 30. Rxc4 Ree2 31. Rf4 Rxb2 32. c4 a5 33. c5 Kf8 34. Ra1 Ra2 35. Rb1 Reb2 36. Rd1 Rd2 37. Rxd2 Rxd2 38. Ra4 Rc2 39. Rxa5 Ke7 40. Kf1 Ke6 41. Ra6+ Kd5 42. Ra7 Rxc5 43. Rxf7 Ke4 44. Ke2 Rc2+ 45. Kd1 Ra2 46. Re7+ Kd3 47. Rd7+ Ke4 48. Rd2 Rxd2+ 49. Kxd2 g5 50. Kc3 g6 51. Kc4 Ke5 52. Kd3 Kf5 53. Kd4 g4 54. hxg4+ Kxg4 55. Ke4 Kg5 56. Ke5 Kg4 57. Kf6 g5 58. Ke5 Kh5 59. Kf5 g4 60. g3 1-0

[Event "Regina op"]
[Site "Regina CAN"]
[Date "1997.02.15"]
[Round "1"]
[White "Dimmock, Steve"]
[Black "Kowalczyk, Tadeusz"]
[Result "0-1"]
[WhiteElo "1632"]
[BlackElo "1986"]
[PlyCount "92"]
[GameId "2160767911966473"]
[EventDate "1997.02.15"]
[EventType "swiss"]
[EventRounds "5"]
[EventCountry "CAN"]

1. e4 d5 2. exd5 Qxd5 3. Nc3 Qa5 4. Nf3 Nf6 5. d4 Ne4 6. Bd2 Nxd2 7. Qxd2 e6 8. Bd3 Bb4 9. O-O Nd7 10. a3 Bxc3 11. Qxc3 Qxc3 12. bxc3 Nf6 13. Rfe1 O-O 14. Rab1 b6 15. Ne5 Bb7 16. c4 Rfd8 17. c3 Rac8 18. c5 Ba8 19. cxb6 cxb6 20. Rbc1 Nd5 21. Be4 Rxc3 22. Bxd5 Rxc1 23. Rxc1 Bxd5 24. Rc7 f6 25. Nf7 Rf8 26. Nd6 Rd8 27. Nf7 Ra8 28. Nd6 h6 29. g3 Kh7 30. f4 Ba2 31. Rd7 a6 32. f5 exf5 33. Nxf5 Be6 34. Rxg7+ Kh8 35. Rg6 Bxf5 36. Rxf6 Bh7 37. Rxb6 Kg7 38. d5 a5 39. d6 Bf5 40. Kf2 Ra7 41. Ke3 a4 42. Rc6 Bd7 43. Rc7 Rxc7 44. dxc7 Kf6 45. Kd4 h5 46. Kc5 Kg5 0-1

[Event "Regina op"]
[Site "Regina CAN"]
[Date "1997.02.16"]
[Round "4"]
[White "Kowalczyk, Tadeusz"]
[Black "McIntyre, John"]
[Result "1/2-1/2"]
[WhiteElo "1986"]
[BlackElo "1869"]
[PlyCount "117"]
[GameId "2160767911966474"]
[EventDate "1997.02.15"]
[EventType "swiss"]
[EventRounds "5"]
[EventCountry "CAN"]

1. b3 b6 2. c4 c5 3. f3 e5 4. h3 f5 5. d4 d6 6. dxe5 dxe5 7. Qxd8+ Kxd8 8. Nc3 g6 9. Bg5+ Ne7 10. Bxe7+ Bxe7 11. e4 Bb7 12. Nge2 Bxe4 13. Rd1+ Bd6 14. Rxd6+ Kc7 15. Nb1 Bxb1 16. Nc3 Kxd6 17. Be2 Nc6 18. Kf2 g5 19. Rd1+ Ke6 20. Rd8 Rhxd8 21. Bd1 Rd5 22. Nxd5 Rd8 23. Nc3 Rd5 24. Nxd5 h5 25. Ke2 Be4 26. Bc2 Nd8 27. Nc3 Bc6 28. Nd5 Bd7 29. Ke1 Nf7 30. Ke2 Nd6 31. Ke1 Kf7 32. Kf1 Ke6 33. Ke2 Kf7 34. Nc7 f4 35. Kf2 g4 36. hxg4 hxg4 37. g3 Nf5 38. Bxf5 Bxf5 39. gxf4 exf4 40. fxg4 Bxg4 41. Nb5 a5 42. Nc7 Bf5 43. Nd5 Bb1 44. Nc3 Bxa2 45. Nxa2 Kf6 46. Nc3 Ke5 47. Na4 Kd4 48. Kf3 Kd3 49. Kxf4 Kc2 50. Ke4 Kxb3 51. Nxb6 a4 52. Nxa4 Kxa4 53. Ke3 Kb4 54. Kd3 Kb3 55. Kd2 Kxc4 56. Kc2 Kd4 57. Kd2 c4 58. Kc2 c3 59. Kc1 1/2-1/2

[Event "Regina op"]
[Site "Regina CAN"]
[Date "1997.02.16"]
[Round "5"]
[White "Chin, Garrett"]
[Black "Kowalczyk, Tadeusz"]
[Result "0-1"]
[WhiteElo "1988"]
[BlackElo "1986"]
[PlyCount "106"]
[GameId "2160767911966475"]
[EventDate "1997.02.15"]
[EventType "swiss"]
[EventRounds "5"]
[EventCountry "CAN"]

1. d4 e6 2. Nf3 Nf6 3. Bg5 b6 4. Nbd2 Bb7 5. e3 Be7 6. c3 d6 7. Bd3 Nbd7 8. h3 h6 9. Bh4 e5 10. e4 Nh5 11. Bxe7 Qxe7 12. Qc2 Nf4 13. Bf1 c5 14. g3 Ne6 15. d5 Ng5 16. Bb5 Nxf3+ 17. Nxf3 O-O 18. Bxd7 Qxd7 19. Nh4 g6 20. O-O-O b5 21. Qd2 Kg7 22. f4 a5 23. g4 Qe7 24. Ng2 exf4 25. Qxf4 Rae8 26. Rde1 Qe5 27. Qd2 b4 28. Rhg1 bxc3 29. bxc3 Ba6 30. Ne3 Kh7 31. h4 Rb8 32. Qc2 Qf4 33. Rg2 Rbe8 34. Rf2 Qxe4 35. Qxe4 Rxe4 36. Rf6 Rfe8 37. Kd2 Bc4 38. Nxc4 Rxe1 39. Nxa5 Ra1 40. Nb7 c4 41. Rxf7+ Kg8 42. Rc7 Rxa2+ 43. Kd1 Rb8 44. Rd7 Ra7 45. Rd8+ Rxd8 46. Nxd8 Ra1+ 47. Kd2 Rh1 48. Nb7 Rxh4 49. Nxd6 Rxg4 50. Ke3 Kf8 51. Ne4 Ke7 52. Kd4 h5 53. Ke5 Rxe4+ 0-1

[Event "Regina op"]
[Site "Regina CAN"]
[Date "1997.02.16"]
[Round "5"]
[White "Chin, Sheldon"]
[Black "Sasata, Robert"]
[Result "1/2-1/2"]
[WhiteElo "1736"]
[BlackElo "2319"]
[PlyCount "54"]
[GameId "2160767911966476"]
[EventDate "1997.02.15"]
[EventType "swiss"]
[EventRounds "5"]
[EventCountry "CAN"]

1. e4 c5 2. c3 Nf6 3. e5 Nd5 4. d4 cxd4 5. cxd4 d6 6. Nf3 Nc6 7. Be2 Bg4 8. h3 Bh5 9. Qb3 Nb6 10. Be3 e6 11. Nbd2 d5 12. O-O Be7 13. Rfc1 O-O 14. a3 a5 15. Qd1 f6 16. exf6 gxf6 17. Nf1 Bd6 18. Bh6 Rf7 19. N3h2 Bg6 20. Bh5 Bf8 21. Bxf8 Kxf8 22. Bxg6 hxg6 23. Qg4 Qd7 24. Re1 Re8 25. Qxg6 Nxd4 26. Rad1 Nf5 27. Ne3 Nxe3 1/2-1/2

[Event "Remembrance Day op"]
[Site "Toronto CAN"]
[Date "1997.11.08"]
[Round "2"]
[White "Benggawan, Undriadi"]
[Black "Veltmann, Alfred"]
[Result "1/2-1/2"]
[WhiteElo "1975"]
[BlackElo "1910"]
[PlyCount "70"]
[GameId "2160767911874386"]
[EventDate "1997.11.07"]
[EventType "swiss"]
[EventRounds "5"]
[EventCountry "CAN"]

1. d4 Nf6 2. Bg5 e6 3. e4 h6 4. Bxf6 Qxf6 5. e5 Qh4 6. Qd3 d5 7. g3 Qd8 8. f4 Nd7 9. Nf3 c5 10. c3 Qb6 11. Qc2 cxd4 12. cxd4 Bb4+ 13. Nc3 Qa5 14. Bd3 b6 15. Nd2 Bxc3 16. bxc3 Ba6 17. a4 Rc8 18. Ra3 Nb8 19. O-O Ke7 20. Rc1 Bxd3 21. Qxd3 Qa6 22. Qb5 Rhd8 23. Kf2 Rc7 24. Ke3 Qb7 25. Rb3 Nc6 26. Rb2 Na5 27. c4 dxc4 28. Nxc4 Nxc4+ 29. Rxc4 Rxc4 30. Qxc4 Qd5 31. Qb4+ Ke8 32. Rc2 Kd7 33. h4 Ke8 34. Rc7 Rd7 35. Rc8+ Rd8 1/2-1/2

[Event "Remembrance Day op"]
[Site "Toronto CAN"]
[Date "1997.11.08"]
[Round "3"]
[White "Veltmann, Alfred"]
[Black "Duong, Brian"]
[Result "0-1"]
[WhiteElo "1910"]
[BlackElo "1827"]
[PlyCount "37"]
[GameId "2160767911874387"]
[EventDate "1997.11.07"]
[EventType "swiss"]
[EventRounds "5"]
[EventCountry "CAN"]

1. e4 c5 2. Nf3 d6 3. d4 cxd4 4. Nxd4 Nf6 5. Nc3 g6 6. Bg5 Bg7 7. Qd2 O-O 8. O-O-O Nc6 9. Be2 Nxd4 10. Qxd4 Ng4 11. Qd2 f6 12. Be3 Nxe3 13. Qxe3 Be6 14. h4 Re8 15. g4 a6 16. Kb1 Qa5 17. Qd4 Rac8 18. Bd3 Rxc3 19. bxc3 0-1

[Event "Remembrance Day op"]
[Site "Toronto CAN"]
[Date "1997.11.09"]
[Round "4"]
[White "Corvo, Paul"]
[Black "Veltmann, Alfred"]
[Result "0-1"]
[WhiteElo "1843"]
[BlackElo "1910"]
[PlyCount "78"]
[GameId "2160767911874388"]
[EventDate "1997.11.07"]
[EventType "swiss"]
[EventRounds "5"]
[EventCountry "CAN"]

1. Nf3 Nf6 2. g3 g6 3. Bg2 Bg7 4. O-O O-O 5. d3 d5 6. Nbd2 c5 7. e4 Nc6 8. c3 e5 9. Re1 Re8 10. a4 Rb8 11. exd5 Nxd5 12. Nc4 b6 13. Qb3 Bf5 14. Ncxe5 Bxe5 15. Nxe5 Nxe5 16. Bxd5 Nf3+ 17. Bxf3 Rxe1+ 18. Kg2 Qd7 19. h4 Qxd3 20. g4 Qf1+ 21. Kg3 c4 22. Qb4 Qg1+ 23. Bg2 Be4 24. f3 Bxf3 25. Kxf3 Rxc1 26. Rxc1 Qxc1 27. Qxc4 Qd1+ 28. Kg3 Qd6+ 29. Kh3 Rd8 30. Be4 Kg7 31. b4 h6 32. a5 bxa5 33. bxa5 Qf4 34. Qc6 Qe3+ 35. Bf3 Rd3 36. Kg2 Rxc3 37. Qb7 Rc2+ 38. Kh3 Qf2 39. Bg2 Rc3+ 0-1

[Event "Remembrance Day op"]
[Site "Toronto CAN"]
[Date "1997.11.09"]
[Round "5"]
[White "Veltmann, Alfred"]
[Black "Furlic, Mijo"]
[Result "1-0"]
[WhiteElo "1910"]
[BlackElo "1837"]
[PlyCount "93"]
[GameId "2160767911874389"]
[EventDate "1997.11.07"]
[EventType "swiss"]
[EventRounds "5"]
[EventCountry "CAN"]

1. e4 c5 2. Nf3 e6 3. d4 cxd4 4. Nxd4 Nf6 5. Nc3 a6 6. Bg5 Be7 7. Qd2 d6 8. O-O-O b5 9. a3 Bb7 10. f3 Nbd7 11. Kb1 Nc5 12. Nde2 Nfxe4 13. Nxe4 Nxe4 14. fxe4 Bxg5 15. Qxd6 Qxd6 16. Rxd6 Bxe4 17. Nc3 Bf5 18. g3 O-O 19. Bg2 Ra7 20. Rhd1 Bf6 21. Ne4 Be5 22. Rd7 Rxd7 23. Rxd7 Bb8 24. Nd6 Bxd6 25. Rxd6 Rc8 26. Bb7 Rb8 27. Bxa6 g5 28. Rc6 Kg7 29. Rc5 b4 30. axb4 Rxb4 31. Rc4 Rb6 32. Bc8 Rd6 33. Kc1 Rd5 34. b4 Re5 35. Rc5 Rxc5 36. bxc5 Be4 37. Bd7 f5 38. c6 f4 39. gxf4 gxf4 40. Kd2 e5 41. c7 Bb7 42. c8=Q Bxc8 43. Bxc8 Kf6 44. Kd3 Ke7 45. Ke4 Kd6 46. h4 h6 47. Bg4 1-0

[Event "Remembrance Day op"]
[Site "Winnipeg CAN"]
[Date "1997.11.07"]
[Round "1"]
[White "Kaptsan, Aron"]
[Black "Agusti, Marcos"]
[Result "1-0"]
[WhiteElo "2253"]
[BlackElo "1618"]
[PlyCount "87"]
[GameId "2160767911874390"]
[EventDate "1997.11.07"]
[EventType "swiss"]
[EventRounds "5"]
[EventCountry "CAN"]

1. d4 Nf6 2. c4 e6 3. Nf3 b6 4. g3 Bb7 5. Bg2 Be7 6. O-O O-O 7. d5 exd5 8. Nh4 Qc8 9. Nf5 Bd8 10. cxd5 d6 11. Ne3 Re8 12. Nc3 Qd7 13. Qc2 Bc8 14. Bd2 Na6 15. Rfc1 Qe7 16. Nb5 Bd7 17. Nd4 g6 18. b4 Nb8 19. Bc3 a6 20. Bb2 a5 21. b5 a4 22. Rab1 Qf8 23. a3 Ra7 24. Bf3 Qh6 25. Qc3 Qg5 26. Ba1 h5 27. h4 Qe5 28. Qc2 Qe7 29. Rb4 Ne4 30. Nc6 Nxc6 31. dxc6 Bf5 32. Nd5 Qe6 33. Nf4 Qe7 34. Qb2 Qf6 35. Rxe4 Bxe4 36. Qxf6 Bxf6 37. Bxf6 Bxf3 38. exf3 Ra5 39. Rb1 Ra7 40. Kf1 Raa8 41. Nd5 Rac8 42. Ne7+ Kf8 43. Nxc8 Rxc8 44. Re1 1-0

[Event "Remembrance Day op"]
[Site "Winnipeg CAN"]
[Date "1997.11.07"]
[Round "1"]
[White "Khedkar, Jay"]
[Black "Proulx, Roy"]
[Result "1-0"]
[WhiteElo "1577"]
[BlackElo "1985"]
[PlyCount "56"]
[GameId "2160767911874391"]
[EventDate "1997.11.07"]
[EventType "swiss"]
[EventRounds "5"]
[EventCountry "CAN"]

1. c4 c5 2. Nf3 Nc6 3. d4 cxd4 4. Nxd4 Nf6 5. Nc3 e6 6. Ndb5 d5 7. cxd5 Nxd5 8. Nxd5 exd5 9. Qxd5 Bb4+ 10. Bd2 Bxd2+ 11. Qxd2 Qxd2+ 12. Kxd2 O-O 13. Rd1 Be6 14. Nc3 Nb4 15. a3 Nc6 16. e3 Bb3 17. Rc1 Na5 18. Bd3 Rfd8 19. Ke2 Rac8 20. Nb5 Rxc1 21. Rxc1 a6 22. Nd4 Bd5 23. Rc7 Bxg2 24. f3 Bh3 25. b4 Nc6 26. Nxc6 bxc6 27. Rxc6 Kf8 28. Rxa6 Rxd3 1-0

[Event "Remembrance Day op"]
[Site "Winnipeg CAN"]
[Date "1997.11.07"]
[Round "1"]
[White "MacPherson, Al"]
[Black "Roque, Rodolfo"]
[Result "0-1"]
[WhiteElo "1578"]
[BlackElo "2051"]
[PlyCount "85"]
[GameId "2160767911874392"]
[EventDate "1997.11.07"]
[EventType "swiss"]
[EventRounds "5"]
[EventCountry "CAN"]

1. d4 d5 2. c4 c6 3. Nc3 Nf6 4. Bg5 Nbd7 5. Nf3 h6 6. Bf4 e6 7. e3 Be7 8. Rc1 O-O 9. Bd3 Re8 10. O-O Nf8 11. c5 Nh5 12. Be5 f6 13. Bg3 f5 14. Ne5 Nf6 15. Ne2 Kh7 16. Nf4 Kg8 17. Be2 N8h7 18. Bh5 Nxh5 19. Qxh5 Rf8 20. Nfg6 Qe8 21. Nxe7+ Qxe7 22. Ng6 Qe8 23. Bd6 Nf6 24. Ne7+ Qxe7 25. Bxe7 Nxh5 26. Bxf8 Kxf8 27. f3 Nf6 28. g4 Bd7 29. Rc2 Ke7 30. Rcf2 Re8 31. Rg2 fxg4 32. h3 Kf7 33. fxg4 e5 34. Kh2 Kg6 35. Rgf2 exd4 36. exd4 Re4 37. Rf4 Be6 38. Rxe4 dxe4 39. Kg3 Bxa2 40. Ra1 Bc4 41. Rxa7 e3 42. Rxb7 Ne4+ 43. Kf3 0-1

[Event "Remembrance Day op"]
[Site "Winnipeg CAN"]
[Date "1997.11.08"]
[Round "2"]
[White "Gentes, Kevin"]
[Black "Hassain, Mahmud"]
[Result "1-0"]
[WhiteElo "2363"]
[BlackElo "1868"]
[PlyCount "75"]
[GameId "2160767911874393"]
[EventDate "1997.11.07"]
[EventType "swiss"]
[EventRounds "5"]
[EventCountry "CAN"]

1. c4 Nf6 2. g3 e6 3. Bg2 Nc6 4. Nf3 b6 5. O-O Bb7 6. d4 Be7 7. Nc3 O-O 8. d5 Na5 9. Qd3 Ba6 10. Nd2 exd5 11. Nxd5 Nxd5 12. Bxd5 c6 13. Be4 g6 14. Qc2 d5 15. cxd5 cxd5 16. Bf3 Qd7 17. Nb3 Nxb3 18. axb3 Bb5 19. Bh6 Rfe8 20. Rfd1 Bc5 21. Rxd5 Qh3 22. Rxc5 bxc5 23. Bxa8 Rxa8 24. Qxc5 Bxe2 25. Qe5 Qxh6 26. Qxe2 Qh3 27. Qe7 Qc8 28. Rxa7 Rxa7 29. Qxa7 Qc1+ 30. Kg2 Qc6+ 31. f3 Qc2+ 32. Qf2 Qxb3 33. Qd2 Qb5 34. Qd8+ Kg7 35. Qd4+ Kf8 36. Kf2 Qb3 37. Qc5+ Ke8 38. Qe3+ 1-0

[Event "Remembrance Day op"]
[Site "Winnipeg CAN"]
[Date "1997.11.08"]
[Round "2"]
[White "Milord, Frank"]
[Black "Kaptsan, Aron"]
[Result "1/2-1/2"]
[WhiteElo "1727"]
[BlackElo "2253"]
[PlyCount "109"]
[GameId "2160767911874394"]
[EventDate "1997.11.07"]
[EventType "swiss"]
[EventRounds "5"]
[EventCountry "CAN"]

1. d4 d5 2. c4 dxc4 3. Nf3 Nf6 4. e3 g6 5. Bxc4 Bg7 6. O-O O-O 7. Qe2 Nfd7 8. Rd1 Nb6 9. Bb3 a5 10. a3 a4 11. Bc2 Nc6 12. Nc3 Bd7 13. Bd2 Na5 14. Ne4 Nac4 15. Bc3 Nd6 16. Nxd6 cxd6 17. e4 Qc7 18. Bd3 Rfc8 19. h3 d5 20. e5 Nc4 21. Rac1 Qb6 22. Bb4 e6 23. Bxc4 dxc4 24. Rxc4 Bb5 25. Rxc8+ Rxc8 26. Qe3 Qc6 27. Qc3 Qd7 28. Qd2 Qd5 29. Rc1 Bc6 30. Qe3 Re8 31. Rc5 Qa2 32. Qc1 Bf8 33. Rc4 Bxb4 34. Rxb4 Qd5 35. Rc4 Rd8 36. Qc2 Rf8 37. Rc5 Qd7 38. Qc3 Rd8 39. Rc4 Qe7 40. Qe3 Kg7 41. Qg5 Qxg5 42. Nxg5 Rd5 43. Rb4 Rd7 44. h4 h6 45. Nh3 Kf8 46. Rc4 Ke7 47. Nf4 Kd8 48. f3 Kc7 49. Nd3 b5 50. Rb4 Kb6 51. Nc5 Ra7 52. Kf2 Bd5 53. Ke3 Kc6 54. g4 Ra8 55. Ne4 1/2-1/2

[Event "Remembrance Day op"]
[Site "Winnipeg CAN"]
[Date "1997.11.08"]
[Round "2"]
[White "Roque, Rodolfo"]
[Black "Gannon, Keith"]
[Result "1-0"]
[WhiteElo "1702"]
[BlackElo "2051"]
[PlyCount "127"]
[GameId "2160767911874395"]
[EventDate "1997.11.07"]
[EventType "swiss"]
[EventRounds "5"]
[EventCountry "CAN"]

1. e4 c5 2. Bc4 e6 3. Nc3 Nf6 4. e5 Ng8 5. d3 d6 6. exd6 Bxd6 7. Nf3 Nf6 8. O-O Nc6 9. a3 O-O 10. Bg5 Be7 11. Qd2 Nd5 12. Ne4 Bxg5 13. Nexg5 a6 14. Ne4 Qe7 15. Rfe1 Rd8 16. Ng3 b5 17. Ba2 Bb7 18. Rad1 Rd7 19. c4 bxc4 20. dxc4 Nf6 21. Qf4 Rxd1 22. Rxd1 Rd8 23. Re1 Qd6 24. Qh4 Nd4 25. Ng5 h6 26. N3e4 Nxe4 27. Nxe4 Ne2+ 28. Kf1 Bxe4 29. Qxe4 Nf4 30. Bb1 Ng6 31. g3 Qd4 32. Qxd4 Rxd4 33. Bxg6 fxg6 34. Rxe6 Rxc4 35. Rxa6 Kh7 36. Rb6 g5 37. b3 Rc1+ 38. Ke2 Rb1 39. b4 Rb2+ 40. Ke3 Rb3+ 41. Kd2 cxb4 42. axb4 Rb2+ 43. Ke3 Rb3+ 44. Ke2 Rb2+ 45. Kf3 Rb3+ 46. Kg2 Rb2 47. g4 Rb1 48. h3 Rb3 49. b5 Rb4 50. Rb8 Kg6 51. b6 h5 52. gxh5+ Kxh5 53. b7 Kg6 54. Kg3 Rb3+ 55. f3 Rb1 56. Kf2 Rb4 57. Ke3 Kf7 58. Kd3 Rb1 59. Kc4 Rc1+ 60. Kd5 Kg6 61. Rf8 Rd1+ 62. Kc4 Rc1+ 63. Kd3 Rd1+ 64. Kc2 1-0

[Event "Remembrance Day op"]
[Site "Winnipeg CAN"]
[Date "1997.11.08"]
[Round "2"]
[White "Trueman, Francis"]
[Black "Khedkar, Jay"]
[Result "1/2-1/2"]
[WhiteElo "1448"]
[BlackElo "1985"]
[PlyCount "83"]
[GameId "2160767911874396"]
[EventDate "1997.11.07"]
[EventType "swiss"]
[EventRounds "5"]
[EventCountry "CAN"]

1. Nf3 Nf6 2. d3 d5 3. g3 c5 4. Bg2 Nc6 5. O-O e6 6. Nbd2 Be7 7. Re1 O-O 8. e4 dxe4 9. dxe4 e5 10. c3 Qc7 11. Nh4 Re8 12. Nf1 Bg4 13. Qb3 Be6 14. Qc2 Rad8 15. Ne3 g6 16. Bf3 b5 17. Qe2 c4 18. Nhg2 Rd5 19. Rd1 Red8 20. Ne1 Rxd1 21. Nxd1 Nd7 22. Ne3 Nb6 23. Bg4 Bxg4 24. Nxg4 Qd6 25. Qf3 f6 26. Nh6+ Kg7 27. Be3 Qe6 28. Ng2 Rd3 29. h4 Bc5 30. Ng4 h5 31. Bh6+ Kf7 32. N4e3 b4 33. Ne1 Rd2 34. Nd1 bxc3 35. Bxd2 Nd4 36. Qe3 cxd2 37. Qxd2 c3 38. Nxc3 Nc4 39. Qc1 Qg4 40. Kh1 Nf3 41. Kg2 Nxh4+ 42. Kf1 1/2-1/2

[Event "Remembrance Day op"]
[Site "Winnipeg CAN"]
[Date "1997.11.08"]
[Round "3"]
[White "Kaptsan, Aron"]
[Black "Ford, Stephen"]
[Result "1-0"]
[WhiteElo "2253"]
[BlackElo "1517"]
[PlyCount "65"]
[GameId "2160767911874397"]
[EventDate "1997.11.07"]
[EventType "swiss"]
[EventRounds "5"]
[EventCountry "CAN"]

1. d4 d5 2. c4 e6 3. Nc3 Nf6 4. Bg5 Bb4 5. a3 Bxc3+ 6. bxc3 dxc4 7. e3 b6 8. Bxc4 Bb7 9. f3 O-O 10. Ne2 Nbd7 11. O-O h6 12. Bh4 Re8 13. e4 e5 14. Qd2 Qe7 15. Ng3 Nxe4 16. fxe4 Qxh4 17. Rxf7 Kh8 18. Rxd7 Bxe4 19. Nxe4 Qxe4 20. Bd5 Qf5 21. Rf7 Qg6 22. Rxc7 Qd6 23. Bxa8 Qxc7 24. Bd5 exd4 25. Qxd4 Rd8 26. Rd1 Qd6 27. Qb4 Qe5 28. Qd4 Qd6 29. Bf7 Qxd4+ 30. Rxd4 Rc8 31. c4 Rc7 32. Bg6 Rc8 33. Rd7 1-0

[Event "Remembrance Day op"]
[Site "Winnipeg CAN"]
[Date "1997.11.08"]
[Round "3"]
[White "Lukic, Luka"]
[Black "Trueman, Francis"]
[Result "1-0"]
[WhiteElo "1925"]
[BlackElo "1448"]
[PlyCount "37"]
[GameId "2160767911874398"]
[EventDate "1997.11.07"]
[EventType "swiss"]
[EventRounds "5"]
[EventCountry "CAN"]

1. d4 Nf6 2. c4 e6 3. Nc3 c5 4. d5 exd5 5. cxd5 d6 6. Bg5 Nbd7 7. e3 a6 8. a4 g6 9. Qf3 Bg7 10. Qf4 Nb6 11. Rd1 O-O 12. Be2 Re8 13. g4 Qe7 14. Bf3 Nc4 15. Qxc4 Bd7 16. Qf4 b5 17. Ne4 Qd8 18. Nxf6+ Bxf6 19. Bxf6 1-0

[Event "Remembrance Day op"]
[Site "Winnipeg CAN"]
[Date "1997.11.08"]
[Round "3"]
[White "Roque, Rodolfo"]
[Black "Gentes, Kevin"]
[Result "0-1"]
[WhiteElo "2051"]
[BlackElo "2363"]
[PlyCount "52"]
[GameId "2160767911874399"]
[EventDate "1997.11.07"]
[EventType "swiss"]
[EventRounds "5"]
[EventCountry "CAN"]

1. e4 c5 2. c4 Nc6 3. Nc3 g6 4. Bd3 Bg7 5. Nf3 e6 6. O-O Nge7 7. Re1 d6 8. a3 O-O 9. Bc2 d5 10. cxd5 exd5 11. Ne2 Bg4 12. Ng3 Nd4 13. d3 Nec6 14. Qd2 Bxf3 15. Bd1 Bxd1 16. Qxd1 c4 17. Rb1 Ne5 18. dxc4 dxc4 19. Be3 Nd3 20. Rf1 h5 21. f4 Re8 22. e5 Qd5 23. Bxd4 Qxd4+ 24. Kh1 Nf2+ 25. Rxf2 Qxf2 26. Qd4 Qxd4 0-1

[Event "Remembrance Day op"]
[Site "Winnipeg CAN"]
[Date "1997.11.09"]
[Round "4"]
[White "Armstrong, Jeff"]
[Black "Piche, Jeremie"]
[Result "1/2-1/2"]
[WhiteElo "1503"]
[BlackElo "1747"]
[PlyCount "46"]
[GameId "2160767911874400"]
[EventDate "1997.11.07"]
[EventType "swiss"]
[EventRounds "5"]
[EventCountry "CAN"]

1. d4 Nf6 2. c4 g6 3. Nc3 Bg7 4. e4 d6 5. f3 O-O 6. Bd3 e5 7. d5 Nbd7 8. Be3 Ne8 9. a3 f5 10. Qd2 Ndf6 11. O-O-O Qe7 12. exf5 Bxf5 13. g4 Bxd3 14. Qxd3 Nd7 15. h4 Bf6 16. g5 Bh8 17. h5 Qf7 18. hxg6 Qxg6 19. Qxg6+ hxg6 20. Rd2 Ng7 21. Rdh2 Nh5 22. Ne4 Kf7 23. Rh3 Bg7 1/2-1/2

[Event "Remembrance Day op"]
[Site "Winnipeg CAN"]
[Date "1997.11.09"]
[Round "4"]
[White "Gentes, Kevin"]
[Black "Kaptsan, Aron"]
[Result "1/2-1/2"]
[WhiteElo "2367"]
[BlackElo "2253"]
[PlyCount "102"]
[GameId "2160767911874401"]
[EventDate "1997.11.07"]
[EventType "swiss"]
[EventRounds "5"]
[EventCountry "CAN"]

1. e4 e5 2. Nf3 Nc6 3. Bb5 a6 4. Bxc6 dxc6 5. d4 exd4 6. Qxd4 Qxd4 7. Nxd4 Bd7 8. Be3 O-O-O 9. Nd2 Ne7 10. Nc4 Ng6 11. O-O-O Re8 12. f3 f5 13. Nxf5 Bxf5 14. exf5 Nh4 15. g3 Nxf5 16. Bf2 Nd6 17. Nd2 Be7 18. Rhe1 Bf6 19. c3 b6 20. Rxe8+ Rxe8 21. Re1 Rxe1+ 22. Bxe1 c5 23. Kc2 c4 24. Nf1 Kd7 25. Ne3 Ke6 26. Kd2 b5 27. Ke2 g6 28. f4 Ne4 29. Nd1 Nc5 30. Kf3 Nd3 31. Bd2 c5 32. Ke4 b4 33. g4 a5 34. g5 Bg7 35. h4 a4 36. h5 gxh5 37. f5+ Ke7 38. f6+ Bxf6 39. gxf6+ Kxf6 40. Ne3 Nxb2 41. cxb4 cxb4 42. Bxb4 Ke6 43. Ba3 c3 44. Kd4 h4 45. Kxc3 h3 46. Nf1 Nd1+ 47. Kd2 Nf2 48. Ke2 Ng4 49. Kf3 h5 50. Bb2 Kd5 51. Kg3 h2 1/2-1/2

[Event "Remembrance Day op"]
[Site "Winnipeg CAN"]
[Date "1997.11.09"]
[Round "4"]
[White "Hanrahan, Nigel"]
[Black "Hassain, Mahmud"]
[Result "0-1"]
[WhiteElo "1656"]
[BlackElo "1868"]
[PlyCount "80"]
[GameId "2160767911874402"]
[EventDate "1997.11.07"]
[EventType "swiss"]
[EventRounds "5"]
[EventCountry "CAN"]

1. e4 c5 2. Nf3 d6 3. c3 Nf6 4. d3 e6 5. g3 b6 6. Bg2 Nbd7 7. e5 Nd5 8. O-O Bb7 9. Re1 dxe5 10. Nxe5 Nxe5 11. Rxe5 Qd7 12. Qf3 Bc6 13. Qg4 Nf6 14. Bxc6 Qxc6 15. Qe2 h5 16. h4 O-O-O 17. Bg5 Qb5 18. d4 Qxe2 19. Rxe2 cxd4 20. cxd4 Rxd4 21. Rd2 Bc5 22. Bxf6 gxf6 23. Rxd4 Bxd4 24. Nc3 Rg8 25. Kg2 f5 26. Rc1 Kb7 27. Rd1 Bxc3 28. bxc3 Kc7 29. Kf3 Rg4 30. Rd4 Rxd4 31. cxd4 Kd6 32. Kf4 f6 33. f3 b5 34. g4 fxg4 35. fxg4 hxg4 36. Kxg4 Ke7 37. d5 exd5 38. Kf4 a5 39. Ke3 f5 40. Kd4 f4 0-1